000 00502nam a2200121Ia 4500
008 220615s9999||||xx |||||||||||||| ||und||
100 _aSteinhauser, Thomas||Friedrich, Bretislav||Hoffmann, Dieter||James, Jeremiah
245 0 _aOne Hundred Years at the Intersection of Chemistry and Physics. The Fritz Haber Institute of the Max Planck Society 1911-2011
546 _aEnglish[eng]
650 _aPhysical Chemistry||History of Chemistry
856 _uhttps://doi.org/10.1515/9783110239546
942 _cEB
999 _c18910
_d18910